000 00295nam a22001337a 4500
008 171124b xxu||||| |||| 00| 0 eng d
020 _a619587019161
041 _aeng
080 _a004
100 _a29
101 _aSHK
245 _aGRAPHICS PROGRAMING JAVA
_cROGER.T.S
942 _2udc
_cBK
999 _c38451
_d38451